000 00893nam a2200289 4500
001 26272
003 BD-RjUL
005 20211209051007.0
008 140320s1965 enka 001 0 eng d
035 _a(OCoLC)ocm01115906
035 _a(BD-RjUL)26342
040 _aRIU
_cRIU
_dUKM
_dZCU
_dBD-RjUL
_beng
041 _aeng
082 0 4 _a940.24
_218
_bWAA 1965
100 1 _aWakeman, Henry Offley,
_d1852-1899.
_980777
245 1 4 _aThe ascendancy of France, 1598-1715.
_cHenry Offley Wakeman.
260 _aLondon :
_bRivingtons,
_c1965.
300 _axi, 394 p. :
_bmaps (part col.)
_c19 cm.
490 1 _aPeriods of European history ;
_vperiod 5
504 _aIncludes index.
651 0 _aEurope
_xHistory
_y17th century.
_945540
830 0 _vperiod 5.
_980782
830 0 _aPeriods of European history ;
_980783
942 _2ddc
_cBK
999 _c26272
_d26272